000 00766nam a2200253Ia 4500
003 OSt
005 20221005050738.0
006 a|||||r|||| 00| 0
007 ta
008 221004b |||||||| |||| 00| 0 urd d
020 _c200
024 _a15827
037 _b612, 08/09/2014, Nadwi Publications
_cTextual
040 _aCRL
_cCRL
_burd
041 _2urd
_aurd
082 _aV467,1y7N37, 168P8
100 _aFahmeed Abdul Qayyum Au.
_9595110
245 0 _aMaloon ka anjam
260 _aLahore
_bTafheemat Publications Pakistan
_c2008
300 _a261p.
_ccm.
650 _aIRAQ - HISTORY
942 _hV467,1y7N37, 168P8
_cTEXL
_2cc
999 _c957636
_d957636